| 000 -LEADER |
| fixed length control field |
02985cam a2200241 i 4500 |
| 008 - FIXED-LENGTH DATA ELEMENTS--GENERAL INFORMATION |
| fixed length control field |
210830s2022 enka b 001 0 eng |
| 020 ## - INTERNATIONAL STANDARD BOOK NUMBER |
| International Standard Book Number |
9781789668407 |
|
| International Standard Book Number |
9781789668421 |
| Terms of availability |
GBP49.99 |
| 041 0# - LANGUAGE CODE |
| Language code of text/sound track or separate title |
eng |
| 082 00 - DEWEY DECIMAL CLASSIFICATION NUMBER |
| Edition number |
23 |
| Classification number |
658.785 |
| Item number |
R5141 |
| 100 1# - MAIN ENTRY--PERSONAL NAME |
| Personal name |
Richards, Gwynne, |
| 245 10 - TITLE STATEMENT |
| Title |
Warehouse management : |
| Remainder of title |
the definitive guide to improving efficiency and minimizing costs in the modern warehouse / |
| 250 ## - EDITION STATEMENT |
| Edition statement |
4th ed. |
| 260 ## - PUBLICATION, DISTRIBUTION, ETC. (IMPRINT) |
| Place of publication, distribution, etc |
London: |
| Name of publisher, distributor, etc |
Kogan Page Limited, |
| Date of publication, distribution, etc |
2022. |
| 300 ## - PHYSICAL DESCRIPTION |
| Extent |
xi, 523 p. : |
| Other physical details |
illustrations ; |
| Dimensions |
24 cm |
| 504 ## - BIBLIOGRAPHY, ETC. NOTE |
| Bibliography, etc |
Includes bibliographical references and index. |
| 505 0# - FORMATTED CONTENTS NOTE |
| Formatted contents note |
Chapter - 00: Introduction;Chapter - 01: The role of the warehouse;Chapter - 02: Role of the warehouse manager;Chapter - 03: Warehouse processes - Receiving and put-away;Chapter - 04: Warehouse processes - Pick preparation;Chapter - 05: Goods-to-person and person-to-goods picking;Chapter - 06: Order-picking methods;Chapter - 07: Warehouse processes from replenishment to despatch and beyond;Chapter - 08: Information systems in the warehouse;Chapter - 09: Warehouse layout;Chapter - 10: Storage and handling equipment;Chapter - 11: Resourcing a warehouse;Chapter - 12: Warehouse costs;Chapter - 13: Performance measurement and management;Chapter - 14: Health and safety;Chapter - 15: The warehouse and the environment;Chapter - 16: The warehouse of the future;Chapter - 17: Appendix 1 Global warehouse costs;Chapter - 18: Appendix 2 Warehouse audit checklists;Chapter - 19: Bibliography;Chapter - 20: Websites of companies that have contributed to this book and other useful websites;Chapter - 21: Glossary |
| 520 ## - SUMMARY, ETC. |
| Summary, etc |
"Modern warehouses are capitalizing on cutting-edge technologies, new operating models and innovative practices to maximize their role in the wider supply chain. Understand how to successfully manage these warehouses with this bestselling guide.Warehouse Management guides the reader through all aspects of successful managing a warehouse, its operations and distribution. This bestselling book covers an extensive range of key topics from defining the modern warehouse, detailing management processes, strategies and practices to outlining how to tackle environmental challenges to ensure a sustainable supply chain. With practical insights into how to improve operating costs, increase efficiency and reduce costs, this is a must read for optimizing warehouse performance. The fourth edition of Warehouse Management is fully updated to include up to date information across the board. The latest technologies in warehousing, such as robotics, cobots and AI, are explained and their impact is situated alongside discussions on the future of warehousing. Gwynne Richards provides expert advice with clear and easy to grasp solutions. New and updated online resources provide support to readers"-- |
| 650 #0 - SUBJECT ADDED ENTRY--TOPICAL TERM |
| Topical term or geographic name as entry element |
Warehouses |
| General subdivision |
Management. |
|
| Topical term or geographic name as entry element |
Business logistics. |
|
| Topical term or geographic name as entry element |
Materials management. |
| 942 ## - ADDED ENTRY ELEMENTS (KOHA) |
| Source of classification or shelving scheme |
|
| Item type |
Books |